Statistiken für Nenne die zehn größten Städte Russlands

Klicken Sie hier um das Quiz zu spielen!

Allgemein

  • Dieses Quiz wurde 379 mal gespielt
  • Das Durchschnittsergebnis liegt bei 5 aus 10

Antwortstatistiken

EinwohnerStadt% Korrekt
12,48 Millionen
Moskau
100%
5,4 Millionen
St. Petersburg
95%
1,49 Millionen
Jekaterinburg
50%
1,26 Millionen
Kasan
49%
1,63 Millionen
Nowosibirsk
46%
1,15 Millionen
Omsk
44%
1,14 Millionen
Rostow
44%
1.25 Millionen
Nischni Nowgorod
42%
1,16 Millionen
Samara
27%
1,2 Millionen
Cel'abinsk
14%

Verteilung der Resultate

Perzentil nach korrekt beantworteten Fragen

Anzahl Personen mit jedem Resultat

Ihre Resultats-Entwicklung

Sie haben dieses Quiz noch nicht gespielt